000 00445cam a2200193 4500
001 D13538
008 090401t1928 xxu||||| |||| 00| 0 eng d
035 _a(Sirsi) u10217
041 _aeng
100 _aO`Donahue, T.A.
245 _aField and colliery surveying
250 _a2nd
260 _bMacMillan
_c1928
350 _a0
520 _aShelf 132. 2 copies. revised
700 _aBocking, T.G.
942 _n0
948 _c04/03/1997
999 _c86717
_d86717